E-learningová podpora výučby predmetu Automatizácia účtovníctva

Dnes je prakticky nemožné viesť účtovníctvo bez podpory informačných technológií. Zapojenie e-learningu do výučby je vzhľadom na nastupujúce moderné trendy vo vyučovaní, ako aj obsahové zameranie predmetu Automatizácia účtovníctva nevyhnutnosťou.

Gespeichert in:
Bibliographische Detailangaben
1. Verfasser: Vašeková, Miroslava, 1978-
Format: Buchkapitel
Sprache:Slowakisch
Schlagworte:
Tags: Tag hinzufügen
Keine Tags, Fügen Sie das erste Tag hinzu!

MARC

LEADER 00000naa$a2200000$$$4500
001 0050538
005 20240502071600.4
041 0 |a slo 
044 |a SK 
245 1 0 |a E-learningová podpora výučby predmetu Automatizácia účtovníctva  |c Miroslava Vašeková 
520 |a Dnes je prakticky nemožné viesť účtovníctvo bez podpory informačných technológií. Zapojenie e-learningu do výučby je vzhľadom na nastupujúce moderné trendy vo vyučovaní, ako aj obsahové zameranie predmetu Automatizácia účtovníctva nevyhnutnosťou. 
610 2 0 |a vzdelávanie elektronické 
610 2 0 |a účtovníctvo 
610 2 0 |a automatizácia 
610 2 0 |a technológie informačné 
100 1 |a Vašeková, Miroslava, 1978-